Statistics for False Friends: English vs. Russian

Click here to take the quiz!

General Stats

  • This quiz has been taken 20 times
  • The average score is 7 of 15

Answer Stats

EnglishRussian (Romanized)Russia (Cyrillic)Meaning in Russian% Correct
magazinemagazin
магазин
store / shop
78%
fabricfabrika
фабрика
factory
72%
chefchefшефboss / chief
61%
familyfamiliyaфамилияlast name / surname
61%
datadataдатаdate
56%
bogbogБогGod
56%
anecdoteanekdotанекдотjoke
50%
cabinetkabinetкабинетstudy / office
44%
prospectprospektпроспектavenue
39%
listlistлистleaf
39%
markmarka
марка
stamp / make / model
39%
cartoonkartonкартонcardboard
28%
bandbanda
банда
gang / mob
28%
fartfartфартluck
22%
camerakamera
камера
chamber
11%

Score Distribution

Percentile by Number Answered

Percent of People with Each Score

Your Score History

You have not taken this quiz